000 01499nam0a2200301 4500
001 RU\NLR\BIBL_A\011603759
005 20260426030758.0
010 _a9785736713448
_d86
021 _aRU
_b2017-99056
_97132
035 _a(RuMoRGB)009496380
035 _a(NLR Aleph) 011603759
090 _a10903986
_c10903986
100 _a20180129d2017 u y0rusy50 ca
101 0 _arus
102 _aRU
105 _aa j |00zy
200 1 _aБиохимия сельскохозяйственных растений
_eучебник для бакалавров
_fН. Н. Новиков
_gМинистерство сельского хозяйства Российской Федерации, Российский государственный аграрный университет - МСХА имени К. А. Тимирязева
210 _aМосква
_cРосинформагротех
_d2017
215 _a559 с.
_cил., табл.
_d20
320 _aБиблиогр.: с. 554 (15 назв.)
606 _aСельскохозяйственные растения
_jУчебники для высших учебных заведений
_xБиохимия
_9922282
_3RU\NLR\AUTH\6619425
686 _aП127.2я73-1
_2rubbk
686 1 _aП127.2я73-1
700 1 _7ca
_8rus
_aНовиков
_bН. Н.
_cд-р биол. наук, биохимия
_gНиколай Николаевич
_9163218
_3RU\NLR\AUTH\770163262
942 _cBOOK
980 _aNBR